कागज और केनवस (Record no. 336601)

MARC details
000 -LEADER
fixed length control field 00802nam a2200265Ia 4500
003 - CONTROL NUMBER IDENTIFIER
control field OSt
005 - DATE AND TIME OF LATEST TRANSACTION
control field 20220923215956.0
008 - FIXED-LENGTH DATA ELEMENTS--GENERAL INFORMATION
fixed length control field Pun
037 ## - SOURCE OF ACQUISITION
Terms of availability Textual
040 ## - CATALOGING SOURCE
Original cataloging agency ARTS
Transcribing agency ARTS
Language of cataloging Pun
041 ## - LANGUAGE CODE
Source of code Pun
Language code of text/sound track or separate title Pun
100 ## - MAIN ENTRY--PERSONAL NAME
Personal name अमृता प्रीतम
9 (RLIN) 156318
245 #0 - TITLE STATEMENT
Title कागज और केनवस
246 ## - VARYING FORM OF TITLE
Title proper/short title Kāgaj aur kenavasa
250 ## - EDITION STATEMENT
Edition statement संस्क 2
260 ## - PUBLICATION, DISTRIBUTION, ETC.
Place of publication, distribution, etc. नयी दिल्ली
Name of publisher, distributor, etc. राजकमल प्रकाशन
Date of publication, distribution, etc. 1982
300 ## - PHYSICAL DESCRIPTION
Extent 155 पृ0
Dimensions cm.
650 ## - SUBJECT ADDED ENTRY--TOPICAL TERM
Topical term or geographic name entry element पंजाबी निबंध
942 ## - ADDED ENTRY ELEMENTS (KOHA)
Classification part O153,1N19x, 152L3;M2
Koha item type Textual
Source of classification or shelving scheme Colon Classification (CC)
Holdings
Withdrawn status Lost status Damaged status Not for loan Home library Current library Date acquired Total Checkouts Full call number Barcode Date last seen Price effective from Koha item type
        Arts Library Arts Library 2022-09-23   O153,1N19x 152L3;M2 AL0808006 2022-09-23 2022-09-23 Textual
Copyright @ Delhi University Library System